<?xml version="1.0" encoding="UTF-8"?>
<record
    xmlns:xsi="http://www.w3.org/2001/XMLSchema-instance"
    xsi:schemaLocation="http://www.loc.gov/MARC21/slim http://www.loc.gov/standards/marcxml/schema/MARC21slim.xsd"
    xmlns="http://www.loc.gov/MARC21/slim">

  <leader>00991nam a2200217Ia 4500</leader>
  <controlfield tag="001">IA_The problematic that explores this paper focuses on the working conditions are graduates of the Department of Agroindustrial Engineering of the Universidad Aut&#xF3;noma Chapingo employed as skilled workers under the scheme of Outsourcing</controlfield>
  <controlfield tag="002">EXPLORACION DE SITUACION LABORAL ACTUAL DE LA MANO</controlfield>
  <controlfield tag="008">220117s    xx            000 0 und d</controlfield>
  <datafield tag="010" ind1=" " ind2=" ">
    <subfield code="a">185498</subfield>
  </datafield>
  <datafield tag="530" ind1=" " ind2=" ">
    <subfield code="a">Disponible en PDF</subfield>
  </datafield>
  <datafield tag="650" ind1=" " ind2=" ">
    <subfield code="a">Condiciones de trabajo  </subfield>
    <subfield code="9">159537</subfield>
  </datafield>
  <datafield tag="650" ind1=" " ind2=" ">
    <subfield code="a">Food industry</subfield>
    <subfield code="x">Employees</subfield>
    <subfield code="x">Mexico  </subfield>
    <subfield code="9">159538</subfield>
  </datafield>
  <datafield tag="650" ind1=" " ind2=" ">
    <subfield code="a">Industria de los alimentos</subfield>
    <subfield code="x">Empleados</subfield>
    <subfield code="x">M&#xE9;xico  </subfield>
    <subfield code="9">159539</subfield>
  </datafield>
  <datafield tag="650" ind1=" " ind2=" ">
    <subfield code="a">Outsourcing  </subfield>
    <subfield code="9">159540</subfield>
  </datafield>
  <datafield tag="650" ind1=" " ind2=" ">
    <subfield code="a">Working conditions</subfield>
    <subfield code="9">159541</subfield>
  </datafield>
  <datafield tag="700" ind1=" " ind2=" ">
    <subfield code="a">Garc&#xED;a Ch&#xE1;vez, Luis Ramiro, asesor</subfield>
    <subfield code="9">163729</subfield>
  </datafield>
  <datafield tag="700" ind1=" " ind2=" ">
    <subfield code="a">Morales Santos, Tayde, dir. </subfield>
    <subfield code="9">156700</subfield>
  </datafield>
  <datafield tag="700" ind1=" " ind2=" ">
    <subfield code="a">Ram&#xED;rez D&#xED;az, Francisco Javier, asesor </subfield>
    <subfield code="9">163730</subfield>
  </datafield>
  <datafield tag="942" ind1=" " ind2=" ">
    <subfield code="c">TESIS H47 2015</subfield>
  </datafield>
  <datafield tag="999" ind1=" " ind2=" ">
    <subfield code="c">185498</subfield>
    <subfield code="d">185498</subfield>
  </datafield>
</record>
